Thai Appraisal Foundation (Record no. 120018)

MARC details
000 -LEADER
fixed length control field 01061cam a2200253 4500
001 - CONTROL NUMBER
control field WS117609
008 - FIXED-LENGTH DATA ELEMENTS--GENERAL INFORMATION
fixed length control field 020422n 000 0 eng u
035 ## - SYSTEM CONTROL NUMBER
System control number (Sirsi) u117609
110 ## - MAIN ENTRY--CORPORATE NAME
Corporate name or jurisdiction name as entry element Thai Appraisal Foundation
245 ## - TITLE STATEMENT
Title Thai Appraisal Foundation
520 ## - SUMMARY, ETC.
Summary, etc. Web site for this educational organisation dedicated to the advancement of professional valuation and real estate. Includes profiles of the real estate market in various countries, articles on the housing market in Bangkok and modern valuation practices in Thailand, a table of rebuilding costs and an outline of standards practices for valuers in Thailand.
650 ## - SUBJECT ADDED ENTRY--TOPICAL TERM
Topical term or geographic name entry element ORGANISATION
650 ## - SUBJECT ADDED ENTRY--TOPICAL TERM
Topical term or geographic name entry element THAILAND
650 ## - SUBJECT ADDED ENTRY--TOPICAL TERM
Topical term or geographic name entry element INTERNATIONAL
650 ## - SUBJECT ADDED ENTRY--TOPICAL TERM
Topical term or geographic name entry element ASIA
650 ## - SUBJECT ADDED ENTRY--TOPICAL TERM
Topical term or geographic name entry element PHILIPPINES
650 ## - SUBJECT ADDED ENTRY--TOPICAL TERM
Topical term or geographic name entry element MALAYSIA
650 ## - SUBJECT ADDED ENTRY--TOPICAL TERM
Topical term or geographic name entry element HONG KONG
650 ## - SUBJECT ADDED ENTRY--TOPICAL TERM
Topical term or geographic name entry element VALUATION METHODS
650 ## - SUBJECT ADDED ENTRY--TOPICAL TERM
Topical term or geographic name entry element BUILT ENVIRONMENT-BUILDING COSTS-REINSTATEMENT COSTS
690 ## - LOCAL SUBJECT ADDED ENTRY--TOPICAL TERM (OCLC, RLIN)
Topical term or geographic name as entry element VALUATION
9 (RLIN) 6273
856 40 - ELECTRONIC LOCATION AND ACCESS
Uniform Resource Identifier <a href="https://www.thaiappraisal.org">https://www.thaiappraisal.org</a>
Public note View the website free of charge at www.thaiappraisal.org...
942 ## - ADDED ENTRY ELEMENTS (KOHA)
Suppress in OPAC 0
Holdings
Withdrawn status Lost status Source of classification or shelving scheme Damaged status Not for loan Home library Current library Shelving location Date acquired Total Checkouts Full call number Barcode Date last seen Copy number Price effective from Koha item type
    Dewey Decimal Classification     Virtual Virtual Online 22/04/2002   WEB SITE 117609-2001 06/08/2019 1 06/08/2019 Online material